<?xml version="1.0" encoding="UTF-8"?>
<record
    xmlns:xsi="http://www.w3.org/2001/XMLSchema-instance"
    xsi:schemaLocation="http://www.loc.gov/MARC21/slim http://www.loc.gov/standards/marcxml/schema/MARC21slim.xsd"
    xmlns="http://www.loc.gov/MARC21/slim">

  <leader>01301nam a2200205Ia 4500</leader>
  <controlfield tag="001">b6994-50932 </controlfield>
  <controlfield tag="003">IT-MiCISF</controlfield>
  <controlfield tag="008">161014s9999||||xx |||||||||||||| ||und||</controlfield>
  <datafield tag="040" ind1=" " ind2=" ">
    <subfield code="a">IT-MiCISF</subfield>
    <subfield code="c">IT-MiCISF</subfield>
  </datafield>
  <datafield tag="041" ind1=" " ind2=" ">
    <subfield code="a">it</subfield>
  </datafield>
  <datafield tag="100" ind1=" " ind2=" ">
    <subfield code="a">Cravero Domenico</subfield>
  </datafield>
  <datafield tag="245" ind1=" " ind2="0">
    <subfield code="a">La pastorale centrata sull'affetto</subfield>
    <subfield code="b">Ripensare la parrocchia a partire dal matrimonio</subfield>
  </datafield>
  <datafield tag="250" ind1=" " ind2=" ">
    <subfield code="a">1a ed.</subfield>
  </datafield>
  <datafield tag="260" ind1=" " ind2=" ">
    <subfield code="a"> Padova</subfield>
    <subfield code="b">Edizioni Messaggero</subfield>
    <subfield code="c">2011</subfield>
  </datafield>
  <datafield tag="300" ind1=" " ind2=" ">
    <subfield code="a">pp. 423</subfield>
  </datafield>
  <datafield tag="500" ind1=" " ind2=" ">
    <subfield code="a"> / pastorale-familiare, chiesa-locale, matrimonio-sacramento, progetto / Il volume presenta un'analisi del cambiamento delle relazioni affettive, familiari e sociali, frutto di anni di pratica nel campo della pastorale parrocchiale e dell'attivit&#xE0; terapeutica ed educativa del disagio giovanile. Oggi &#xE8; necessario riconoscere il valore della "famiglia affettiva", alla quale corrisponde la parrocchia "fondata sull'affetto". L'A. presenta, infine, un percorso pastorale innovativo e concreto per dare centralit&#xE0; alla pastorale matrimoniale lasciando intravedere come la catechesi familiare dell'iniziazione cristiana, e la nuova mentalit&#xE0; di fede che da essa si origina, sia il banco di prova di una parrocchia rinnovata.</subfield>
  </datafield>
  <datafield tag="650" ind1=" " ind2=" ">
    <subfield code="a"> Temi di pastorale / pastorale-familiare</subfield>
    <subfield code="e">012</subfield>
  </datafield>
  <datafield tag="942" ind1=" " ind2=" ">
    <subfield code="c">BK</subfield>
  </datafield>
  <datafield tag="957" ind1=" " ind2=" ">
    <subfield code="7">1</subfield>
  </datafield>
  <datafield tag="999" ind1=" " ind2=" ">
    <subfield code="a">50932</subfield>
    <subfield code="b">si</subfield>
    <subfield code="g">1</subfield>
    <subfield code="c">209993</subfield>
    <subfield code="d">209993</subfield>
  </datafield>
  <datafield tag="952" ind1=" " ind2=" ">
    <subfield code="0">0</subfield>
    <subfield code="1">0</subfield>
    <subfield code="4">0</subfield>
    <subfield code="6">B_699450932</subfield>
    <subfield code="7">1</subfield>
    <subfield code="a">CISF</subfield>
    <subfield code="b">CISF</subfield>
    <subfield code="d">2016-10-14</subfield>
    <subfield code="l">0</subfield>
    <subfield code="o">b6994-50932 </subfield>
    <subfield code="r">2016-10-14 00:00:00</subfield>
    <subfield code="w">2016-10-14</subfield>
    <subfield code="y">BK</subfield>
    <subfield code="z">Data import 15.10.2016 / by Epidotti, Vaglietti</subfield>
  </datafield>
</record>
